[Event "Manizales Feria op 29th"]
[Site "Manizales"]
[Date "2024.01.06"]
[Round "2"]
[White "De Leon Villarreal, Gabriela"]
[Black "Cardona Garces, Sofia Marieth"]
[Result "1-0"]
[WhiteElo "1275"]
[BlackElo "1258"]
[PlyCount "67"]
[EventDate "2024.01.05"]
[EventType "swiss"]
[EventRounds "7"]
[EventCountry "COL"]
[SourceTitle "CB02_2024"]
[SourceDate "2024.01.10"]
[SourceVersion "1"]
[SourceVersionDate "2024.01.10"]
[SourceQuality "1"]

1. c4 c5 2. Nc3 Nc6 3. g3 Nf6 4. Bg2 g6 5. e3 Bg7 6. Nge2 0-0 7. 0-0 d6 8. h3 h6 9. d4 Qc7 10. b3 b6 11. d5 Ne5 12. f4 Ned7 13. Nb5 Qb7 14. Bb2 a6 15. Nbc3 b5 16. Rb1 b4 17. Ne4 Rb8 18. g4 g5 19. N2g3 Nxe4 20. Nxe4 Bxb2 21. Rxb2 e5 22. dxe6 fxe6 23. Nf6+ Rxf6 24. Bxb7 Bxb7 25. Qxd6 Rd8 26. Qc7 Be4 27. Qxd8+ Rf8 28. Qxd7 Bh7 29. Rbf2 Rf7 30. Qxe6 Kg7 31. fxg5 Bg8 32. Rxf7+ Bxf7 33. Rxf7+ Kg8 34. Qe8# 1-0

[Event "COL-ch U10 Girls"]
[Site "Fusagasuga"]
[Date "2019.06.28"]
[Round "5"]
[White "De Leon Villarreal, Gabriela"]
[Black "Grisales Hoyos, Isabella"]
[Result "0-1"]
[WhiteElo "1444"]
[BlackElo "1282"]
[PlyCount "70"]
[EventDate "2019.06.26"]
[EventType "tourn"]
[EventRounds "9"]
[EventCountry "COL"]
[SourceTitle "CBM 191 Extra"]
[Source "ChessBase"]
[SourceDate "2019.09.30"]
[SourceVersion "1"]
[SourceVersionDate "2019.09.30"]
[SourceQuality "1"]

1. d4 d5 2. f4 Nc6 3. Nf3 Nf6 4. e3 a6 5. Bd3 Bd7 6. 0-0 Bg4 7. b3 e6 8. Ba3 Bxa3 9. Nxa3 0-0 10. h3 Bf5 11. Ne5 Bxd3 12. Qxd3 Ne4 13. Nxc6 bxc6 14. f5 exf5 15. Rxf5 Qe7 16. Re5 Qxa3 17. c4 Qd6 18. c5 Qd7 19. Rf1 Rfe8 20. Ref5 f6 21. R1f4 Ng3 22. Rxf6 gxf6 23. Rg4+ Kh8 24. Rxg3 Rg8 25. Rf3 Qe6 26. g4 a5 27. Rf5 Rg5 28. e4 dxe4 29. d5 Qxf5 30. Qd4 Qxd5 31. Qxf6+ Kg8 32. Qe7 h5 33. Kf1 Rf8+ 34. Ke2 Qd3+ 35. Ke1 Rf1# 0-1